00259nam a2200109Ia 4500008004100000041000800041245004700049260001800096300000900114542001500123650001100138220531s9999 xx 000 0 und d aeng aLongman Dictionary Of Contemparary English bLongmanc1995 a1668 d13-05-1999 aGenral